| 000 | 00335nam a2200145Ia 4500 | ||
|---|---|---|---|
| 008 | 230312s9999||||xx |||||||||||||| ||und|| | ||
| 020 | _a0-521-63545-4 | ||
| 082 |
_a613.2 _bMAC-S |
||
| 100 | _aMacgregor;G.A | ||
| 245 | 0 | _aSalt Diet&Health | |
| 260 |
_bCambridge _aUK _c1998 |
||
| 300 | _a233 | ||
| 650 |
_aMedical _vHealth |
||
| 942 | _cBK | ||
| 999 |
_c1542 _d1542 |
||